| 000 | 01180nam a22002417a 4500 | ||
|---|---|---|---|
| 005 | 20120407151045.0 | ||
| 008 | 100304t xxu||||| |||| 00| 0 hin d | ||
| 010 | _a | ||
| 020 |
_c200.00 _a8188093556 |
||
| 035 | _aB-116261 | ||
| 037 | _b | ||
| 040 |
_aDPL _bHN |
||
| 082 | _a342.494 | ||
| 100 |
_aनारायण, इकबाल _914750 |
||
| 245 |
_aजापान एवं स्विटज़रलैण्ड का संविधान / _cइकबाल नारायण; अनुपमा सक्सेना द्वारा संशोधित एवं संपादित |
||
| 246 |
_aJapan evam siwtjarland ka sawidhan/ _bby Iqbal Narayan; |
||
| 260 |
_aजयपुर _bग्रन्थ विकास _c2004 |
||
| 270 |
_aसी-37, राजापार्क _bजयपुर |
||
| 300 |
_a189पृ _c22सेमी (सजिल्द) |
||
| 700 |
_aसक्सेना, अनुपमा _914751 |
||
| 942 |
_2ddc _cHN _mनाराय _h342.494 |
||
| 999 |
_c64759 _d64759 |
||